Syntetická štúdia varioxiránu bakalárska práca

Salvato in:
Dettagli Bibliografici
Autore principale: Matyašovský, Ján
Natura: Libro
Lingua:slovacco
Pubblicazione: Bratislava FCHPT STU 2013
Accesso online:Visualizza in OPAC
Tags: Aggiungi Tag
Nessun Tag, puoi essere il primo ad aggiungerne!!

MARC

LEADER 00000nam a2200000 a 4500
005 20260127134117.0
008 131106 2013 000 0 slo d
035 |a vtls010556356 
039 9 |a 201311110928  |b mschk03  |c 201311061048  |d mschk03  |y 201311061047  |z mschk03 
040 |a STUSCHK1  |b slo  |c STUSCHK1  |e AACR2 
100 1 |a Matyašovský, Ján 
245 1 |a Syntetická štúdia varioxiránu  |b bakalárska práca  |c Ján Matyašovský 
260 |a Bratislava  |b FCHPT STU  |c 2013 
300 |a 35 s.  |b il.  |c 30 cm 
500 |a Štud.program: Chémia, medicínska chémia a chemické materiály 
500 |a Štud. odbor: Chémia, chemické technológie 
500 |a Obhájené:10.07.2013 
500 |a Škol. pracovisko: Odd. organickej chémie 
500 |a Evid. číslo: FCHPT-13569-43531 
910 |a SCHK95 
999 |c 4293  |d 4293